Statistics for 2024 NFL Draft Top 100 Prospects

Click here to take the quiz!

General Stats

  • This quiz has been taken 383 times
  • The average score is 33 of 100

Answer Stats

RankPos.SchoolAnswer% Correct
2QBUSCCaleb Williams
97%
1WROhio StateMarvin Harrison Jr.
96%
4QBUNCDrake Maye
90%
10QBLSUJayden Daniels
86%
6TEGeorgiaBrock Bowers
84%
5WRLSUMalik Nabers
77%
3WRWashingtonRome Odunze
76%
8OTNotre DameJoe Alt
75%
21QBMichiganJ.J. McCarthy
73%
46QBWashingtonMichael Penix Jr.
69%
35QBOregonBo Nix
68%
30CBAlabamaKool-Aid McKinstry
61%
9OLBAlabamaDallas Turner
59%
57COregonJackson Powers-Johnson
57%
18CBIowaCooper DeJean
55%
7OTPenn StateOlumuyiwa Fashanu
54%
16WRFSUKeon Coleman
53%
28WRTexasAdonai Mitchell
52%
11CBClemsonNate Wiggins
52%
25CBToledoQuinyon Mitchell
52%
12OLBUCLALaiatu Latu
51%
32WRLSUBrian Thomas Jr.
49%
15DEFSUJared Verse
48%
50WRTexasXavier Worthy
48%
19CBAlabamaTerrion Arnold
46%
84TEPenn StateTheo Johnson
46%
24OLBPenn StateChop Robinson
45%
89DTMissouriDarius Robinson
45%
17DTIllinoisJer'Zhan Newton
43%
13OTGeorgiaAmarius Mims
42%
82RBMichiganBlake Corum
42%
87CBTCUJosh Newton
42%
38WRGeorgiaLadd McConkey
39%
20DTTexasByron Murphy II
38%
14OTOregon StateTaliese Fuaga
38%
23OTAlabamaJC Latham
37%
66ILBNC StatePayton Wilson
37%
41WROregonTroy Franklin
34%
39TETexasJa'Tavion Sanders
31%
27DTTexasT'Vondre Sweat
31%
40WRSouth CarolinaXavier Legette
31%
37CDukeGraham Barton
30%
52WRWashingtonJa'Lynn Polk
30%
26OTWashingtonTroy Fautanu
30%
31OTOklahomaTyler Guyton
30%
78RBWisconsinBraelon Allen
29%
36OTArizonaJordan Morgan
28%
49WRUNCDevontez Walker
27%
76DTTexas A&MMcKinnley Jackson
27%
29CBMissouriEnnis Rakestraw Jr.
26%
51SMinnesotaTyler Nubin
26%
61WRAlabamaJermaine Burton
25%
48RBTexasJonathon Brooks
25%
53SMiamiKamren Kinchens
25%
34DEWashingtonBralen Trice
24%
45ILBTexas A&MEdgerrin Cooper
24%
83TEOhio StateCade Stover
23%
54ILBClemsonJeremiah Trotter Jr.
23%
59CBPenn StateKalen King
23%
43DTMichiganKris Jenkins
23%
73RBFSUTrey Benson
22%
91RBOregonBucky Irving
21%
33CBGeorgiaKamari Lassiter
21%
47OTHoustonPatrick Paul
21%
86RBNotre DameAudric Estime
20%
22OTBYUKingsley Suamataia
20%
69DTMiamiLeonard Taylor III
20%
55CBIowa StateT.J. Tampa
20%
95CWest VirginiaZach Frazier
20%
93DTFSUBraden Fiske
19%
67OGKansas StateCooper Beebe
19%
68OGMichiganZak Zinter
19%
42OLBAlabamaChris Braswell
18%
60SGeorgiaJavon Bullard
18%
92WRWestern KentuckyMalachi Corley
18%
79CBMichiganMike Sainristil
17%
99OTNotre DameBlake Fisher
16%
71SUSCCalen Bullock
16%
74RBUSCMarShawn Lloyd
16%
72ILBUNCCedric Gray
15%
58OLBUtahJonah Elliss
15%
77DTOhio StateMichael Hall Jr.
15%
85CGeorgiaSedrick Van Pran
15%
94ILBMichiganJunior Colson
14%
80SUtahCole Bishop
13%
44SWashington StateJaden Hicks
13%
65CBMissouriKris Abrams-Draine
13%
75OLBPenn StateAdisa Isaac
12%
70OTKansasDominick Puni
12%
63DTOregonBrandon Dorlus
11%
90CBWake ForestCaelen Carson
11%
81CBNotre DameCam Hart
11%
56OGMiamiJavion Cohen
11%
64SMarylandBeau Brade
10%
100OTYaleKiran Amegadjie
10%
62SUtahSione Vaki
9%
97ILBPenn StateCurtis Jacobs
7%
98DTAlabamaJustin Eboigbe
7%
96CBArkansasDwight McGlothern
6%
88SAuburnJaylin Simpson
6%

Score Distribution

Percentile by Number Answered

Percent of People with Each Score

Your Score History

You have not taken this quiz